NADSTAVOVANIE MEDNÍKOV

Bibliographic Details
Main Author: Mrva, František (Author)
Format: Article
Language:Slovak

MARC

LEADER 00000nab a2200000ua 4500
001 vtls010788646
003 SK-MaSNL
005 20260303120248.0
008 230131s1962 xo |||||||||||||||||slo|
035 |a (urnnbn)urn:nbn:sk:snk:ar-a0055g 
035 |a (uuid)25e9ad20-6fa7-48b2-b7b4-4b8e3fbcea61 
035 |a urn:nbn:sk:snk-ab50ml 
040 |a SNKBUCL  |b slo  |c SNKBUCL  |e AACR2 
041 0 |a slo 
044 |a xo  |c SK 
100 1 |a Mrva, František  |4 aut  |9 12692 
245 1 0 |a NADSTAVOVANIE MEDNÍKOV  |c František Mrva 
773 0 |t Včelár : odborný časopis Povereníctva poľnohospodárstva a lesného hospodárstva a Ústredia včelárskych združení na Slovensku  |g Roč. 36, č. 5 (1962), s. 100 
954 |a odborná, vedecká literatúra pôvodná (slovenská)  |2 lita 
958 |a OND 
958 |a EUIPO 
958 |a article3 
999 |c 1908478  |d 1910408